कालयात्री है कविता / (Record no. 112560)

MARC details
000 -LEADER
fixed length control field 01108nam a22002537a 4500
005 - DATE AND TIME OF LATEST TRANSACTION
control field 20170124102940.0
010 ## - LIBRARY OF CONGRESS CONTROL NUMBER
LC control number A-676926
020 ## - INTERNATIONAL STANDARD BOOK NUMBER
Terms of availability 100.00
International Standard Book Number 8171191282
035 ## - SYSTEM CONTROL NUMBER
System control number A-676926
037 ## - SOURCE OF ACQUISITION
Source of stock number/acquisition Cen Lib/Ret
040 ## - CATALOGING SOURCE
Original cataloging agency DPL
Language of cataloging HN
082 ## - DEWEY DECIMAL CLASSIFICATION NUMBER
Classification number 821.08
Item number श्रोत्रिय
100 ## - MAIN ENTRY--PERSONAL NAME
Personal name श्रोत्रिय, प्रभाकर
9 (RLIN) 42542
245 ## - TITLE STATEMENT
Title कालयात्री है कविता /
Statement of responsibility, etc प्रभाकर श्रोत्रिय
246 ## - VARYING FORM OF TITLE
Title proper/short title Kaalyatri hai kavita /
Remainder of title by Prabhakar Shrotriya
260 ## - PUBLICATION, DISTRIBUTION, ETC. (IMPRINT)
Place of publication, distribution, etc नयी दिल्ली
Name of publisher, distributor, etc राधाकृष्ण प्रकाशन
Date of publication, distribution, etc 1993
270 ## - ADDRESS
Address 2/३८, अंसारी रोड , दरिया गंज
City नयी दिल्ली
Postal code 110002
300 ## - PHYSICAL DESCRIPTION
Extent 135पृ.
Dimensions 21सेमी (सजिल्द)
650 ## - SUBJECT ADDED ENTRY--TOPICAL TERM
Topical term or geographic name as entry element हिन्दी साहित्य
9 (RLIN) 48183
650 ## - SUBJECT ADDED ENTRY--TOPICAL TERM
Topical term or geographic name as entry element हिन्दी कविता
9 (RLIN) 779
650 ## - SUBJECT ADDED ENTRY--TOPICAL TERM
Topical term or geographic name as entry element Hindi literature
9 (RLIN) 48184
650 ## - SUBJECT ADDED ENTRY--TOPICAL TERM
Topical term or geographic name as entry element Hindi poetry
9 (RLIN) 48185
942 ## - ADDED ENTRY ELEMENTS (KOHA)
Source of classification or shelving scheme Dewey Decimal Classification
Koha item type Hindi Books
Classification part 821.08
Call number suffix श्रोत्रिय
Holdings
Withdrawn status Lost status Damaged status Not for loan Home library Current library Date acquired Source of acquisition Cost, normal purchase price Total Checkouts Full call number Barcode Date last seen Copy number Cost, replacement price Price effective from Koha item type
        Central Library Central Library 08/08/2015 Cen Lib/Ret 100.00   821.08 श्रोत्रिय A-676926 08/08/2015 1 100.00 08/08/2015 Hindi Books

© Delhi Public Library
Hit Counter
free hit counter